Sledovanie zmien v transporte a metabolizme hypometylačných látok používaných pri liečbe hematoonkologických ochorení

Guardado en:
Detalles Bibliográficos
Autor principal: Šimoničová, Kristína (Autor)
Otros Autores: Messingerová, Lucia (Orientador)
Formato: Manuscrito Libro
Lenguaje:eslovaco
Publicado: 2019
Materias:
Acceso en línea:http://is.stuba.sk/zp/portal_zp.pl?podrobnosti=143065
Etiquetas: Agregar Etiqueta
Sin Etiquetas, Sea el primero en etiquetar este registro!

MARC

LEADER 00000ntm a22000003a 4500
001 stuzp73911
003 SK-STU
005 20190601211004.8
007 ta
008 150427s2015----xo-----f-mn---000-0-slo-d
040 |a STU  |b slo 
041 0 |a slo 
100 1 |a Šimoničová, Kristína  |u 043000  |k Z4  |4 aut  |U FCHPT Fakulta chemickej a potravinárskej technológie  |T FCHPT Ústav biochémie a mikrobiológie  |X 77631  |U C3000  |Y 101  |7 77631 
242 0 1 |a Changes in Transport and Metabolism of Hypomethylating Agents Used in Treatment of Haematooncological Diseases  |y eng 
245 1 0 |a Sledovanie zmien v transporte a metabolizme hypometylačných látok používaných pri liečbe hematoonkologických ochorení 
260 |c 2019 
650 4 |a rezistencia  |2 slo 
650 4 |a metabolizmus  |2 slo 
650 4 |a hypometylačné látky  |2 slo 
650 4 |a MDS  |2 slo 
650 4 |a AML  |2 slo 
650 4 |a transport  |2 slo 
650 4 |a hypomethylating agents  |2 eng 
650 4 |a MDS  |2 eng 
650 4 |a AML  |2 eng 
650 4 |a resistance  |2 eng 
650 4 |a metabolism  |2 eng 
650 4 |a transport  |2 eng 
700 1 |a Messingerová, Lucia  |u 043000  |k Z2  |4 ths  |U FCHPT Fakulta chemickej a potravinárskej technológie  |T FCHPT Ústav biochémie a mikrobiológie  |X 8245  |U C3000  |Y 101  |7 8245 
856 4 |u http://is.stuba.sk/zp/portal_zp.pl?podrobnosti=143065